[Event "Gausdal Int"]
[Site "Gausdal"]
[Date "1991.??.??"]
[Round "7"]
[White "Bologan, Viktor"]
[Black "Tisdall, Jonathan D"]
[Result "1/2-1/2"]
[WhiteElo "2535"]
[BlackElo "2435"]

1.e4 c5 2.Nf3 d6 3.Bb5+ Bd7 4.Bxd7+ Qxd7 5.c4 Nc6 6.Nc3 Nf6 7.O-O e6 8.d4 cxd4
9.Nxd4 Be7 10.Be3 O-O 11.Qe2 b6 12.Rad1 Rad8 13.f4 Rfe8 14.Kh1 Bf8 15.e5 dxe5
16.fxe5 Nxe5 17.Nf3 Qc7 18.Bf4 Qxc4 19.Bxe5 Qxe2 20.Nxe2 Nd5 21.Nc3 Ne3 22.Rxd8 Rxd8
23.Rb1 f6 24.Bg3 e5 25.Bf2 Nc4 26.g4 Rd3 27.Kg2 Nxb2 28.Ne4 Nc4 29.Rb3 Rd7
30.Rc3 b5 31.a4 a6 32.Bc5 h5 33.Bxf8 hxg4 34.Nxe5 Nxe5 35.Rc8 Kf7 36.a5 Nc4
37.Bb4 Rd4 38.Nc5 Ne3+ 39.Kf2 Nd1+ 40.Ke1 Rxb4 41.Kxd1 Rb2 42.Rc7+ Kg6 43.Ne6 Rxh2
44.Rxg7+ Kf5 45.Nd4+ Kf4 46.Rg6 Ra2 47.Nb3 f5 48.Rxa6 g3 49.Rg6 Kf3 50.Nd4+ Kf2
51.Nxf5 g2 52.Nd6 Rxa5 53.Kc2  1/2-1/2

[Event "Geneve op"]
[Site "Geneve"]
[Date "1991.??.??"]
[Round "1"]
[White "Preissmann, Emmanuel"]
[Black "Gallagher, Joseph G"]
[Result "1/2-1/2"]
[WhiteElo "2280"]
[BlackElo "2520"]

1.e4 c5 2.Nf3 d6 3.Bb5+ Bd7 4.Bxd7+ Nxd7 5.d4 cxd4 6.Qxd4 Ngf6 7.O-O e6 8.c4 Be7
9.Nc3 a6 10.b3 O-O 11.Rd1 Qc7 12.Ba3 Qa5 13.Bxd6 Bxd6 14.Qxd6 Qxc3 15.e5 Qa5
16.b4 Qd8 17.exf6 Nxf6 18.Ne5 Rc8 19.Rd4 Qxd6 20.Rxd6 Rfd8 21.Rad1 Rxd6 22.Rxd6 Kf8
23.f3 Ke7 24.Rd4 Rc7 25.Kf2 Ne8 26.c5 Nf6 27.Nc4 Nd5 28.Ne3 Nc3 29.a3 a5
30.Rd3 axb4 31.axb4 Nb5 32.Nc4  1/2-1/2

[Event "GER CupT"]
[Site "GER"]
[Date "1991.??.??"]
[Round "?"]
[White "Fette, Martin"]
[Black "Christiansen, Larry Mark"]
[Result "0-1"]
[WhiteElo "2375"]
[BlackElo "2590"]

1.e4 c5 2.Nf3 d6 3.Bb5+ Nc6 4.O-O Bd7 5.c3 Nf6 6.Re1 a6 7.Bxc6 Bxc6 8.d4 Bxe4
9.Bg5 Bd5 10.Nbd2 e6 11.c4 Bxf3 12.Qxf3 cxd4 13.Bxf6 gxf6 14.Qxb7 Be7 15.Nf3 Qc8
16.Qe4 f5 17.Qxd4 Rg8 18.h3 Qc6 19.Kh1 Rc8 20.b3 Qc5 21.Qd2 Rd8 22.Rad1 Rg6
23.Nd4 d5 24.cxd5 Rxd5 25.Qe3 Bg5 26.f4 Bh4 27.Rg1 Rg3 28.Qd2 Rc3  0-1

[Event "BL2-SW qual"]
[Site "Germany"]
[Date "1991.??.??"]
[Round "?"]
[White "Zimmermann, Frank"]
[Black "Weiss, Roland"]
[Result "1/2-1/2"]
[WhiteElo "2255"]
[BlackElo "2240"]

1.e4 c5 2.Nf3 d6 3.Bb5+ Bd7 4.Bxd7+ Qxd7 5.O-O g6 6.c3 Bg7 7.d4 cxd4 8.cxd4 Nf6
9.Nc3 O-O 10.Re1 Rd8 11.Qe2 Nc6 12.Bg5 h6 13.Bxf6 Bxf6 14.Rad1 Bg7 15.e5 dxe5
16.Nxe5 Bxe5 17.dxe5 Qe6 18.f4 Rxd1 19.Rxd1  1/2-1/2

[Event "BL2-SW9091"]
[Site "Germany"]
[Date "1991.??.??"]
[Round "?"]
[White "Maier, Christian"]
[Black "Rechel, Bernd"]
[Result "1-0"]
[WhiteElo "2335"]
[BlackElo "2350"]

1.e4 c5 2.Nf3 d6 3.Bb5+ Nc6 4.O-O Bd7 5.c3 Nf6 6.Re1 a6 7.Bxc6 Bxc6 8.d4 Bxe4
9.Bg5 Bd5 10.c4 Bxf3 11.Qxf3 cxd4 12.Bxf6 gxf6 13.Qxf6 Rg8 14.Qxd4 Qd7 15.Nc3 Bg7
16.Qd3 Bxc3 17.bxc3 Qc6 18.g3 Rg6 19.Qe4 e5 20.Qh4 Qf3 21.c5 Rf6 22.Qa4+ Kf8
23.Qc2 dxc5 24.Rxe5 Rd8 25.Rf1 Rd3 26.Rxc5 Rfd6 27.Re5 R6d5 28.Rxd5 Qxd5
29.c4 Qd4 30.c5 h5 31.c6 bxc6 32.Qxc6 Kg7 33.Qxa6 h4 34.Qb5 hxg3 35.Qg5+ Kf8
36.hxg3 Ra3 37.Rc1 Rc3 38.Rxc3 Qxc3 39.Qd8+ Kg7 40.Qd5 Kg6 41.Kg2 Qb4 42.Qc6+ Kh7
43.a4 Kg7 44.Qa8 Qc5 45.a5  1-0

[Event "NRW-Liga I 9091"]
[Site "Germany"]
[Date "1991.??.??"]
[Round "?"]
[White "Hirsch, Stefan"]
[Black "Fleger, Herbert"]
[Result "0-1"]
[WhiteElo "2230"]
[BlackElo "2270"]

1.e4 c5 2.Nf3 d6 3.Bb5+ Bd7 4.a4 Nc6 5.O-O e5 6.d3 Nf6 7.Nbd2 Be7 8.Nc4 O-O
9.Bg5 Ne8 10.Bxe7 Qxe7 11.Ne3 Nc7 12.Bc4 Be6 13.c3 Rad8 14.Bd5 Rd7 15.Nd2 Nd8
16.Qb3 Bxd5 17.Nxd5 Nxd5 18.Qxd5 Qe6 19.Nc4 Re8 20.a5 Nc6 21.a6 Qf6 22.Ne3 Ne7
23.Qc4 b6 24.Qb5 Red8 25.Nc4 d5 26.Ne3 d4 27.Nc4 dxc3 28.bxc3 Rxd3 29.f4 exf4
30.e5 Qc6 31.Nd6 R3xd6 32.exd6 Qxb5 33.dxe7 Re8 34.Rfe1 c4 35.Rad1 f6  0-1

[Event "NRW-Liga I 9091"]
[Site "Germany"]
[Date "1991.??.??"]
[Round "?"]
[White "Schlehoefer, Ralf"]
[Black "Sandkamp, Ralph"]
[Result "1/2-1/2"]
[WhiteElo "2310"]
[BlackElo "2215"]

1.e4 c5 2.Nf3 d6 3.Bb5+ Bd7 4.Bxd7+ Qxd7 5.O-O Nc6 6.c3 Nf6 7.Re1 e6 8.d3 Be7
9.Bg5 O-O 10.Nbd2 Rac8 11.a3 Rfd8 12.h3 h6 13.Bh4 Ne5 14.Qe2 Ng6 15.Bg3 Nh5
16.Bh2 Nhf4 17.Qe3 e5 18.Rad1 Bg5 19.Nxg5 hxg5 20.Bg3 f6 21.Nf3 Qe6 22.d4 b6
23.Rd2 Qb3 24.Bxf4 Nxf4 25.d5 Qb5 26.h4 Qd7 27.hxg5 Qg4 28.g3 Nh3+ 29.Kg2 Nxg5
30.Nxg5 Qxg5 31.Qxg5 fxg5 32.Kf3 Kf7 33.Kg4 Kg6 34.Rh1 Rh8 35.Rdd1 c4 36.a4 Rh6
37.Rh3 Rf8 38.Rd2 Rfh8 39.Rxh6+ gxh6 40.Kh3 Rf8 41.Kg2 g4 42.Rd1 Rc8 43.Ra1 Rc5
44.Kf1 Ra5 45.Ra3 Kg5 46.Ke2 h5 47.Ke3 h4 48.gxh4+ Kxh4 49.Ra1 Kg5 50.Rg1 Rxa4
51.f3 Ra2 52.Rxg4+ Kf6 53.Rg2 a5 54.f4 exf4+ 55.Kxf4 a4 56.Ke3 b5 57.Rf2+ Ke7
58.Rh2 a3 59.Rh7+ Ke8 60.bxa3 Rc2 61.Rb7  1/2-1/2

[Event "Bundesliga 9091"]
[Site "Germany"]
[Date "1991.??.??"]
[Round "?"]
[White "Tomczak, Rainer"]
[Black "Steinbacher, Matthias"]
[Result "0-1"]
[WhiteElo "2305"]
[BlackElo "2370"]

1.e4 c5 2.Nf3 d6 3.Bb5+ Bd7 4.Bxd7+ Nxd7 5.c4 Ngf6 6.Nc3 Ne5 7.d3 e6 8.O-O Be7
9.h3 O-O 10.Be3 a6 11.Qe2 Qc7 12.Rac1 Nfd7 13.b3 Bf6 14.Rfd1 Nxf3+ 15.Qxf3 Ne5
16.Qg3 Nc6 17.Ne2 Qa5 18.Rc2 Rfd8 19.Bg5 Bxg5 20.Qxg5 h6 21.Qe3 d5 22.cxd5 exd5
23.Rxc5 Qxa2 24.Nc3 Qxb3 25.Rb1 d4 26.Qf4 Qxc3 27.Rxb7 Rf8 28.Rxc3 dxc3 29.Rc7 Rac8
30.Qxf7+ Rxf7 31.Rxc8+ Nd8 32.Rxc3 Rd7 33.Kf1 Kf7 34.Ke2 Ne6 35.Ke3 a5 36.f4 Ra7
37.d4 a4 38.d5 Nc7 39.Rc1 a3 40.d6 Nb5 41.e5 Ke6  0-1

[Event "Bundesliga 9091"]
[Site "Germany"]
[Date "1991.??.??"]
[Round "?"]
[White "Tomczak, Rainer"]
[Black "Meister, Peter"]
[Result "0-1"]
[WhiteElo "2310"]
[BlackElo "2405"]

1.e4 c5 2.Nf3 d6 3.Bb5+ Bd7 4.Bxd7+ Nxd7 5.c4 Ngf6 6.Nc3 Ne5 7.Nd5 Nd3+ 8.Ke2 Nxc1+
9.Rxc1 Nd7 10.Qb3 e6 11.Ne3 Rb8 12.Qa4 a6 13.d4 cxd4 14.Nxd4 Be7 15.Rhd1 O-O
16.b4 Bg5 17.Nf3 Bxe3 18.Kxe3 Qe7 19.Ke2 f5 20.Qc2 Ne5 21.Nxe5 dxe5 22.Qc3 fxe4
23.Qxe5 Qh4 24.f3 exf3+ 25.gxf3 Rbe8 26.Rg1 g6 27.Rg4 Qh6 28.Rc3 Rf5 29.Qd6 Rh5
30.Rg2 Qg7 31.Re3 Qb2+ 32.Qd2 Qf6 33.Qd7 Re7 34.Qd8+ Kg7 35.Kd3 b5 36.Qd6 bxc4+
37.Kxc4 Rd5 38.Qb6 Qf4+ 39.Kb3 Rb5 40.Rg4 Rxb4+ 41.Qxb4 Qxe3+ 42.Qc3+ Qxc3+
43.Kxc3 Rf7 44.Rg3 Rd7 45.Rg4 Rd1 46.Ra4 Rf1 47.f4 Rf3+ 48.Kd2 Kf6 49.Ke2 Rh3
50.Kf2 Rxh2+ 51.Kg3 Rd2 52.Rxa6 Rd3+ 53.Kg2 Kf5 54.a4 h5 55.a5 Ra3 56.Kh2 Ra4
57.Ra8 Kxf4 58.a6 g5 59.a7 Kg4  0-1

[Event "Regionalliga NordN"]
[Site "Germany"]
[Date "1991.??.??"]
[Round "?"]
[White "Lindemann, Sven"]
[Black "Feick, Stefan"]
[Result "1/2-1/2"]
[WhiteElo "2305"]
[BlackElo "2325"]

1.e4 c5 2.Nf3 d6 3.Bb5+ Bd7 4.Bxd7+ Qxd7 5.c4 Nc6 6.O-O Nf6 7.Nc3 Ne5 8.d3 g6
9.Nxe5 dxe5 10.Nd5 Bg7 11.Nxf6+ Bxf6 12.Bh6 O-O-O 13.Be3 b6 14.b4 cxb4 15.c5 Qb5
16.cxb6 axb6 17.Qb3 Rxd3 18.Qxf7 Kb7 19.a4 Qc6 20.a5 b5 21.a6+ Ka8 22.Rfc1 Rc3
23.Rd1 b3 24.Rab1 Qc4 25.Qd5+ Qxd5 26.Rxd5 e6 27.Rxb5 Rb8 28.Rxb8+ Kxb8 29.Kf1 Ka8
30.Ke2 Be7 31.f3 Bb4 32.a7 Rc2+ 33.Kd1 Rc3 34.Ke2 Rc2+  1/2-1/2

[Event "Regionalliga NordN"]
[Site "Germany"]
[Date "1991.??.??"]
[Round "?"]
[White "Lindemann, Sven"]
[Black "Vetemaa, Juri"]
[Result "1-0"]
[WhiteElo "2305"]
[BlackElo "2415"]

1.e4 c5 2.Nf3 d6 3.Bb5+ Nc6 4.O-O Bd7 5.Re1 e5 6.h3 a6 7.Bf1 g6 8.c3 Bg7
9.Na3 b5 10.Nc2 Nge7 11.d4 cxd4 12.cxd4 O-O 13.Be3 f5 14.dxe5 f4 15.Bxf4 Rxf4
16.exd6 Bxb2 17.dxe7 Qxe7 18.Ne3 Bxa1 19.Nd5 Qg7 20.Nxf4 Rf8 21.Qxa1 Qxa1
22.Rxa1 Rxf4 23.Nd2 Nb4 24.f3 Rf6 25.Nb3 Be6 26.Rd1 Bf7 27.a3 Nc2 28.e5 Rb6
29.Rd6 Rxd6 30.exd6 Kf8 31.Nc5 Nxa3 32.Nxa6 Bc4 33.Nc7 b4 34.Bxc4 Nxc4 35.Nd5 Nxd6
36.Nxb4 Ke7 37.Kf2 Ke6 38.Ke3 Kf5 39.g3 Nc4+ 40.Kd4 Nd2 41.Ke3 Nc4+ 42.Ke2 h5
43.Nd5 Ke5 44.Ne3 Nb2 45.h4 Kd4 46.Kd2 Na4 47.Ng2 Ke5 48.Nf4 Kf5 49.Kd3 Nc5+
50.Kc4 Nd7 51.Nd3 Nf6 52.Kd4 g5 53.hxg5 Kxg5 54.Nf4 Kf5 55.Nxh5 Nd7 56.Nf4 Ne5
57.Ke3 Nc4+ 58.Kf2 Nb2 59.Ke2 Nc4 60.Nd3 Kg5 61.Nf2 Kf5 62.Nd1 Ne5 63.Ne3+ Kg6
64.f4 Nc6 65.Kd3 Kf6 66.Ke4  1-0

[Event "Graz"]
[Site "Graz"]
[Date "1991.??.??"]
[Round "9"]
[White "Wittmann, Walter"]
[Black "Hoelzl, Franz"]
[Result "1/2-1/2"]
[WhiteElo "2390"]
[BlackElo "2390"]

1.e4 c5 2.Nf3 d6 3.Bb5+ Bd7 4.Bxd7+ Nxd7 5.O-O Ngf6 6.Qe2 e6 7.c3 Be7 8.d4 O-O
9.e5 Nd5 10.c4 Nb4 11.exd6 Bxd6 12.Be3 cxd4 13.Nxd4 Qb8 14.h3 Bh2+ 15.Kh1 Bf4
16.Nd2 Bxe3 17.Qxe3 Ne5 18.Rad1 Rd8 19.Ne4 h6 20.Qc3 Nbc6 21.f4 Nxd4 22.Rxd4 Ng6
23.f5 exf5 24.Rxf5 Qc7 25.c5 Ne7 26.Rf1 b6 27.b4 Rxd4 28.Qxd4 Nc6 29.Qc3 bxc5
30.bxc5 Ne5 31.Nd6 f6 32.Qb3+ Kh8 33.Qd5 Rb8 34.Rd1 Rb2 35.a4 Re2 36.Nb5 Qa5
37.c6 Re1+ 38.Rxe1 Qxe1+ 39.Kh2 Ng4+  1/2-1/2

[Event "Groningen op"]
[Site "Groningen"]
[Date "1991.??.??"]
[Round "3"]
[White "Velicka, Petr"]
[Black "Hoffmann, Michael"]
[Result "1/2-1/2"]
[WhiteElo "2375"]
[BlackElo "2465"]

1.e4 c5 2.Nf3 d6 3.Bb5+ Nd7 4.d4 Nf6 5.Nc3 cxd4 6.Qxd4 e5 7.Qd3 h6 8.O-O Be7
9.Nd2 O-O 10.Bxd7 Bxd7 11.Nc4 Be6 12.Rd1 Qc7 13.Ne3 Rac8 14.Bd2 Qc6 15.Rac1 Bd8
16.Be1 Bb6 17.Ncd5 Bxd5 18.Nxd5 Nxd5 19.Qxd5 Bd4 20.Qxc6 Rxc6 21.c3 Bb6 22.Kf1 f5
23.exf5 Rxf5 24.Rd5 Kf7 25.Rcd1 Ke6 26.f3 a6 27.Bf2 Bd4 28.Ra5 Bxf2 29.Kxf2 Rf7
30.Rad5 b5 31.Ke3 Rf4 32.g3 Ra4 33.a3 g5 34.R1d3 Rac4 35.h3 R4c5 36.Rxc5 Rxc5
37.Rd2 Rc4 38.Kd3 h5 39.b3 Rc8 40.Ra2 Rf8 41.Ke3  1/2-1/2

[Event "Groningen op"]
[Site "Groningen"]
[Date "1991.??.??"]
[Round "5"]
[White "Fette, Martin"]
[Black "Renet, Olivier"]
[Result "0-1"]
[WhiteElo "2380"]
[BlackElo "2485"]

1.e4 c5 2.Nf3 d6 3.Bb5+ Bd7 4.Bxd7+ Qxd7 5.O-O e6 6.c3 Nf6 7.Qe2 Nc6 8.d4 cxd4
9.cxd4 d5 10.e5 Ne4 11.Be3 Be7 12.Ne1 f6 13.f3 Ng5 14.Nd3 O-O 15.Qd2 h6 16.Nc3 b6
17.Ne2 Rac8 18.Nef4 fxe5 19.dxe5 Rf5 20.Rac1 Bf8 21.h4 d4 22.hxg5 dxe3 23.Qxe3 hxg5
24.Ne2 Nb4 25.Rxc8 Qxc8 26.Rc1 Qd7 27.Nxb4 Bxb4 28.Qe4 Bc5+ 29.Kf1 Qd2 30.b4 Qxb4
31.Qxb4 Bxb4 32.Nd4 Rxe5 33.Nc6 Rc5 34.Rxc5 Bxc5 35.Nxa7 Kf7 36.Ke2 Kf6 37.Kd3 Kf5
38.a4 Kf4 39.Nc6 g4 40.Nd8 gxf3 41.gxf3 e5 42.Ke2 Kf5 43.Kd3 Kf4 44.Ke2 Kf5
45.Kd3 Bd6 46.Nc6 Kf4 47.Ke2 e4 48.fxe4 Kxe4 49.Nd8 Kd5 50.Kf3 Be7 51.Nf7 Ke6
52.Nh8 Kf6  0-1

[Event "Groningen op"]
[Site "Groningen"]
[Date "1991.??.??"]
[Round "6"]
[White "Bosboom, Manuel"]
[Black "Peek, Marcel"]
[Result "1-0"]
[WhiteElo "2460"]
[BlackElo "2345"]

1.e4 c5 2.Nf3 d6 3.Bb5+ Bd7 4.Bxd7+ Nxd7 5.O-O Ngf6 6.Qe2 e6 7.c3 Be7 8.d4 O-O
9.Rd1 Qc7 10.Bg5 h6 11.Bh4 e5 12.dxe5 dxe5 13.Na3 a6 14.Nc4 b5 15.Ne3 c4
16.Bxf6 Nxf6 17.Nd5 Nxd5 18.Rxd5 Bf6 19.Rad1 Rad8 20.g3 Rfe8 21.h4 h5 22.Ne1 g6
23.Nc2 Be7 24.Ne3 Bc5 25.Rxd8 Rxd8 26.Nd5 Qc6 27.Kg2 Kg7 28.b3 cxb3 29.axb3 Ra8
30.b4 Bb6 31.Qb2 Bd8 32.Qb3 a5 33.bxa5 Rxa5 34.Rb1 f5 35.exf5 gxf5 36.Re1 Bc7
37.Kg1 Bd6 38.Qd1 Ra2 39.Ne3 Bc5 40.Nxf5+ Kf6 41.Ne3 Qa8 42.Qd3 Bxe3 43.Qxe3  1-0

[Event "Guildford"]
[Site "Guildford"]
[Date "1991.??.??"]
[Round "?"]
[White "Kosashvili, Yona"]
[Black "Sievers, Stefan"]
[Result "1/2-1/2"]
[WhiteElo "2475"]
[BlackElo "2340"]

1.e4 c5 2.Nf3 d6 3.Bb5+ Bd7 4.Bxd7+ Qxd7 5.O-O Nc6 6.b3 Nf6 7.Re1 g6 8.Bb2 Bg7
9.d4 cxd4 10.Nxd4 O-O 11.c4 e6 12.Nc3 Rfd8 13.Nxc6 bxc6 14.Qf3 Qc7 15.Rad1 Rab8
16.Rd2 Rd7 17.Red1 Rbd8 18.Na4 Ne8 19.Bxg7 Nxg7 20.Qc3 e5 21.c5 Ne6 22.cxd6 Rxd6
23.Rxd6 Rxd6 24.Re1 Rd4 25.Nb2 Qd7 26.Nc4 f6 27.f3 Kg7 28.Re2 h5 29.Rd2 c5
30.Kf2 Nf4 31.h4 Nd3+ 32.Ke2 Nf4+ 33.Kf2 Nd3+ 34.Ke2 Nf4+ 35.Kf2  1/2-1/2

[Event "Hamburg HSK"]
[Site "Hamburg"]
[Date "1991.??.??"]
[Round "1"]
[White "Doery, Jeno"]
[Black "Joecks, Christian"]
[Result "1/2-1/2"]
[WhiteElo "2320"]
[BlackElo "2355"]

1.e4 c5 2.Nf3 d6 3.Bb5+ Nc6 4.O-O Bd7 5.Re1 Nf6 6.c3 a6 7.Bf1 e5 8.h3 Be7
9.d4 Qc7 10.a4 O-O 11.Na3 cxd4 12.cxd4 exd4 13.Nxd4 d5 14.exd5 Nxd5 15.Nf3 Ndb4
16.Bd2 Bc5 17.Rc1 b6 18.Be3 Bxe3  1/2-1/2

[Event "Hamburg-ch"]
[Site "Hamburg"]
[Date "1991.??.??"]
[Round "7"]
[White "Fette, Martin"]
[Black "Reddmann, Hauke"]
[Result "1-0"]
[WhiteElo "2375"]
[BlackElo "2295"]

1.e4 c5 2.Nf3 d6 3.Bb5+ Bd7 4.Bxd7+ Qxd7 5.O-O e5 6.c3 f5 7.exf5 Be7 8.Re1 Nc6
9.d4 Qxf5 10.dxe5 dxe5 11.Nbd2 O-O-O 12.Qe2 Bd6 13.Nc4 Nf6 14.Be3 e4 15.Ng5 Rhf8
16.f3 Bb8 17.fxe4 Qg6 18.Qf3 b5 19.Nd2 Rde8 20.Qh3+ Kb7 21.Ndf3 Nxe4 22.Nxe4 Rxe4
23.Bxc5 Rfe8 24.Rxe4 Rxe4 25.Qd7+ Bc7 26.Bf2 Re7 27.Qd5 a6 28.Re1 Rxe1+ 29.Bxe1 Qb1
30.Kf1 Bb6 31.g4 Qg6 32.h3 Qe8 33.Bf2 Bxf2 34.Kxf2 Kb6 35.Qd3 Qf7 36.a3 h5
37.Kg2 hxg4 38.hxg4 Qf4 39.Kh3 Qc1 40.Qd2 Qh1+ 41.Kg3 Qb1 42.Qe3+ Kb7 43.b4 g6
44.Nd2 Qa2 45.Ne4 Qxa3 46.Nc5+ Kc7 47.Qf3 Kb6 48.Ne6 Qb2 49.Qe3+ Kb7 50.Nc5+ Kc7
51.Nxa6+ Kb7 52.Nc5+ Kc7 53.Ne6+ Kb7 54.Qc5 Na7 55.Qc7+  1-0

[Event "Hamburg-ch"]
[Site "Hamburg"]
[Date "1991.??.??"]
[Round "9"]
[White "Putzbach, Gerd"]
[Black "Reddmann, Hauke"]
[Result "1/2-1/2"]
[WhiteElo "2310"]
[BlackElo "2295"]

1.e4 c5 2.Nf3 d6 3.Bb5+ Bd7 4.Bxd7+ Qxd7 5.O-O g6 6.d4 cxd4 7.Nxd4 Bg7 8.Nc3 Nf6
9.Re1 O-O 10.Nd5 e6 11.Nxf6+ Bxf6 12.Bh6 Rd8 13.c3 Qe7 14.Qg4 Nc6 15.Nxc6 bxc6
16.f4 Rd7 17.Rad1 Rb8 18.Re2 Rb5 19.Rd3 Rh5 20.Rh3 Rxh3 21.Qxh3 Rb7 22.Qd3 Rb5
23.g4 Qc7 24.Kg2 Qb8 25.b3 d5 26.e5 Bh8 27.Qg3 Bg7 28.Bxg7 Kxg7 29.f5 Qd8
30.f6+ Kg8 31.Qf4 Qf8 32.Re3 h6 33.Rh3 Kh7 34.Qe3 Rb7 35.b4 c5 36.a3 cxb4
37.axb4 Rc7 38.Kf2 Rc4 39.g5 h5 40.Qxa7 Kg8 41.Re3 Qc8 42.b5 Rf4+ 43.Rf3 Rxf3+
44.Kxf3 Qxc3+ 45.Qe3 Qb4 46.b6 d4 47.Qc1 Qxb6 48.Qc8+ Kh7 49.Qf8 Qb3+ 50.Ke2  1/2-1/2

[Event "Hania op"]
[Site "Hania"]
[Date "1991.??.??"]
[Round "3"]
[White "Nikolaidis, Konstantinos"]
[Black "Blees, Albert"]
[Result "0-1"]
[WhiteElo "2245"]
[BlackElo "2380"]

1.e4 c5 2.Nf3 d6 3.Bb5+ Bd7 4.Bxd7+ Qxd7 5.O-O Nc6 6.c3 Nf6 7.Qe2 e6 8.Na3 Be7
9.Nc2 O-O 10.d4 cxd4 11.Ncxd4 Rac8 12.Rd1 Rfd8 13.Nb3 Qc7 14.Bf4 a6 15.c4 b6
16.Rac1 Nd7 17.Bg5 Bxg5 18.Nxg5 Nce5 19.Rc3 h6 20.Nf3 Nxf3+ 21.Qxf3 Qc6 22.Qe2 Ne5
23.Nd4 Qa4 24.b3 Qa5 25.Rg3 Qc5 26.Kh1 Re8 27.h4 Ng6 28.Qg4 h5 29.Qe2 Qe5
30.Rg5 Qf6 31.g3 Rc5 32.f4 e5 33.b4 Rcc8 34.fxe5 Rxe5 35.Rf1 Qe7 36.Nf5 Qe6
37.Rxh5 Rxe4 38.Qb2 Re5 39.Rg5 Qxc4 40.Qf2 Qe4+ 41.Kg1 Rc2 42.Qf3 Qxf3 43.Rxf3 Re1+
44.Rf1 Ree2 45.Rd1 Ne5 46.Nd4 Rg2+ 47.Kh1 Rh2+ 48.Kg1 Rcg2+ 49.Kf1 Rxa2 50.Kg1 Rhd2  0-1

[Event "Hartberg op"]
[Site "Hartberg"]
[Date "1991.??.??"]
[Round "3"]
[White "Dobrovolsky, Ladislav"]
[Black "Timoshenko, Georgy"]
[Result "1/2-1/2"]
[WhiteElo "2395"]
[BlackElo "2475"]

1.e4 c5 2.Nf3 d6 3.Bb5+ Nc6 4.c3 Nf6 5.Qe2 Bd7 6.O-O a6 7.Ba4 b5 8.Bc2 e5
9.a4 Be7 10.axb5 axb5 11.Rxa8 Qxa8 12.Na3 b4 13.Nc4 Qb8 14.d4 cxd4 15.cxd4 Nxd4
16.Nxd4 exd4 17.e5 dxe5 18.Nxe5 Bb5 19.Bd3 Bxd3 20.Nxd3 Qb5 21.Re1 O-O 22.Qxe7 Qxd3
23.Qxb4 h6 24.Qd2 Qc4 25.Rd1 Re8 26.b3 Qc3 27.f3 Qxb3 28.Bb2 d3 29.Bxf6 gxf6
30.Kf1 Rd8 31.Qe1 Rc8 32.Qd2 Rc3 33.h3 Kg7 34.Kg1 Qb6+ 35.Qf2 Qd6 36.f4 Qd5
37.Qe3 h5 38.h4 Qf5 39.Qf3 Kh7 40.Rd2 Kh6 41.Rd1 Qc5+ 42.Kh2 Qd4 43.Rd2 Kg6
44.Kg3 f5 45.Kh3 Kf6 46.Kh2 Qe4 47.Qg3 Ke6 48.Rd1 Kd5 49.Qf2 Rc4 50.Qd2 Rd4
51.Kg3 Qe7 52.Qa2+ Kd6 53.Qa6+ Kd5 54.Qa2+ Kd6 55.Qa6+  1/2-1/2

[Event "Hastings9192"]
[Site "Hastings"]
[Date "1991.??.??"]
[Round "5"]
[White "Speelman, Jonathan S"]
[Black "Shirov, Alexei"]
[Result "1/2-1/2"]
[WhiteElo "2630"]
[BlackElo "2610"]

1.e4 c5 2.Nf3 d6 3.Bb5+ Bd7 4.Bxd7+ Nxd7 5.O-O Ngf6 6.Re1 e6 7.d3 Be7 8.a4 O-O
9.Na3 a6 10.Bf4 Rb8 11.e5 Nd5 12.exd6 Bf6 13.Bc1 N7b6 14.a5 Nc8 15.d7 Qxd7
16.Nc4 Nd6 17.Nfe5 Bxe5 18.Nxe5 Qc7 19.c3 Rbd8 20.Qf3 Ne7 21.Qg4 Ndf5 22.Bf4 Nd5
23.Bg3 Rfe8 24.Nc4 Nxg3 25.Qxg3 Qxg3 26.hxg3 Ne7  1/2-1/2

[Event "Helsingborg-B"]
[Site "Helsingborg"]
[Date "1991.??.??"]
[Round "?"]
[White "Solbrand, Stefan"]
[Black "Eriksson, Johan"]
[Result "1-0"]
[WhiteElo "2200"]
[BlackElo "2225"]

1.e4 c5 2.Nf3 d6 3.Bb5+ Bd7 4.Bxd7+ Nxd7 5.O-O Ngf6 6.Re1 e6 7.d3 Be7 8.h3 a6
9.Nbd2 b5 10.a4 O-O 11.b3 Qb6 12.Bb2 Qc6 13.e5 Nd5 14.Qe2 Nxe5 15.Nxe5 dxe5
16.Bxe5 Rfd8 17.Bb2 Rd7 18.Nf3 Rad8 19.Qe4 Nb4 20.Qg4 Bf8 21.Re2 Qb7 22.Ng5 Rd5
23.axb5 a5 24.Qe4 g6 25.c4 R8d7 26.Qh4 h5 27.Ne4 Nxd3 28.Nf6+ Kh8 29.Nxd7+ Nxb2
30.Nxc5 Bxc5 31.Qf6+ Kh7 32.Qxb2 Rd8 33.Rd2 Qb6 34.Rxd8 Qxd8 35.Qe2 Qd4 36.Rd1 Qc3
37.Qd3 Qe5 38.Qd2 Bb4 39.Qd3 Kh6 40.Qe3+ Qxe3 41.fxe3  1-0

[Event "Helsingborg-B"]
[Site "Helsingborg"]
[Date "1991.??.??"]
[Round "?"]
[White "Solbrand, Stefan"]
[Black "Lindberg, Henrik"]
[Result "1/2-1/2"]
[WhiteElo "2200"]
[BlackElo "2200"]

1.e4 c5 2.Nf3 d6 3.Bb5+ Bd7 4.Bxd7+ Qxd7 5.O-O Nf6 6.e5 dxe5 7.Nxe5 Qc8 8.d3 e6
9.Nc3 Be7 10.Re1 O-O 11.Bg5 Nc6 12.Nxc6 Qxc6 13.Ne4 Nd5 14.Bxe7 Nxe7 15.Qh5 b6
16.Re3 Qd5 17.Qe2 Rad8 18.Rg3 Ng6 19.h4 Kh8 20.h5 Ne7 21.Nc3 Qf5 22.Re1  1/2-1/2

[Event "Helsingborg-B"]
[Site "Helsingborg"]
[Date "1991.??.??"]
[Round "?"]
[White "Hellsten, Johan"]
[Black "Henriksson, Jakob"]
[Result "1/2-1/2"]
[WhiteElo "2200"]
[BlackElo "2200"]

1.e4 c5 2.Nf3 d6 3.Bb5+ Bd7 4.Bxd7+ Qxd7 5.O-O Nc6 6.c3 Nf6 7.d4 cxd4 8.cxd4 e6
9.d5 Ne5 10.dxe6 Nxf3+ 11.Qxf3 fxe6 12.Rd1 Qc6 13.Qb3 d5 14.exd5 Nxd5 15.Bd2 Bc5
16.Nc3 Nxc3 17.Qxc3 O-O 18.Be3 Bxe3 19.Qxe3 a6 20.Rac1 Rad8 21.Re1 Qd5 22.b3 Rd6
23.Rc2 Qd3 24.Qxd3 Rxd3 25.g3 Rd6 26.Rc7 Rf7 27.Rc8+ Rf8 28.Rec1 Rd2 29.Rxf8+ Kxf8
30.Rc8+ Ke7 31.Rc7+ Rd7  1/2-1/2

[Event "Oberliga Hessen"]
[Site "Hessen"]
[Date "1991.??.??"]
[Round "?"]
[White "Huisl, Wolfgang"]
[Black "Aseev, Konstantin N"]
[Result "1/2-1/2"]
[WhiteElo "2320"]
[BlackElo "2515"]

1.e4 c5 2.Nf3 d6 3.Bb5+ Nc6 4.O-O a6 5.Bxc6+ bxc6 6.h3 e5 7.c3 Nf6 8.d4 Nxe4
9.Qa4 Qb6 10.dxe5 d5 11.c4 Bd7 12.Nc3 Nxc3 13.bxc3 Be7 14.Bf4 Qa7 15.Rab1 O-O
16.Rfd1 Rfc8 17.Qc2 Be6 18.Ng5 Bxg5 19.Bxg5 Rab8 20.f4 Rxb1 21.Rxb1 Qd7 22.Rd1 d4
23.Bh4 Rb8 24.Bf2 Bf5 25.Qd2 h5 26.cxd4 cxd4 27.Bxd4 Rd8 28.Be3 Qxd2 29.Rxd2 Rxd2
30.Bxd2 Be6 31.a4 Bxc4 32.g4 hxg4 33.hxg4 Be2 34.g5 Bg4 35.Kf2 Kf8 36.Ke3 Ke7
37.Kd4 Ke6 38.Kc5 Bf3 39.a5 g6 40.Bc1 Kd7 41.Kb6 Be2 42.Kc5 Bb5 43.Ba3 Ke6
44.Bc1 Kf5 45.Kd6 Ke4 46.e6 fxe6 47.Kxe6 Bd3 48.Kd6 Bb5 49.Ke6  1/2-1/2

[Event "HUN-ch (Women)"]
[Site "HUN"]
[Date "1991.??.??"]
[Round "?"]
[White "Grabics, Monika"]
[Black "Madl, Ildiko"]
[Result "0-1"]
[WhiteElo "2110"]
[BlackElo "2370"]

1.e4 c5 2.Nf3 d6 3.Bb5+ Nc6 4.O-O Bd7 5.c3 a6 6.Bxc6 Bxc6 7.Re1 Nf6 8.d4 Bxe4
9.Bg5 Bd5 10.Bxf6 gxf6 11.Nbd2 c4 12.b3 b5 13.bxc4 bxc4 14.Nf1 e6 15.Ne3 Qa5
16.Nd2 Rc8 17.Qh5 f5 18.Nxf5 Qxc3 19.Nf3 Rg8 20.Ng5 Rg6 21.Ne3 Qxd4 22.Rad1 Qe5
23.f4 Rxg5 24.fxg5 Be4 25.Ng4 Qc5+ 26.Kh1 Bg6 27.Nf6+ Kd8 28.Qh4 d5 29.Nxh7 Bd6
30.Nf6 Kc7 31.Qg4 Rh8 32.h3 Qf2 33.Rf1 Qg3 34.Qxg3 Bxg3 35.Ng4 Kd6 36.Ne3 Kc5
37.Rc1 Bh4 38.Nxc4 dxc4 39.Rf4 Bd3 40.Rxf7 Bxg5 41.Re1 Kd6 42.Rb7 e5 43.Rb6+ Kd5
44.Rxa6 Bd2 45.Rd1 c3 46.Ra5+ Kd4 47.Ra4+ Ke3 48.Rg4 c2 49.Rg3+ Kd4 50.Rg4+ e4  0-1

[Event "HUN-chT"]
[Site "HUN"]
[Date "1991.??.??"]
[Round "?"]
[White "Horvath, Imre"]
[Black "Orgovan, Sandor"]
[Result "1-0"]
[WhiteElo "2360"]
[BlackElo "2330"]

1.e4 c5 2.Nf3 d6 3.Bb5+ Bd7 4.Bxd7+ Qxd7 5.O-O e6 6.c4 Nf6 7.Nc3 Nc6 8.d4 cxd4
9.Nxd4 Be7 10.b3 O-O 11.Bb2 a6 12.Re1 Rfc8 13.Re3 Nxd4 14.Qxd4 d5 15.Na4 dxc4
16.Nb6 Qxd4 17.Bxd4 Rd8 18.Nxa8 Rxd4 19.Nb6 cxb3 20.axb3 Nxe4 21.g3 f5 22.Rc1 Rd2
23.Nc4 Ra2 24.Ne5 g5 25.Rc8+ Kg7 26.Rc7 Kf6 27.Ng4+ Kf7 28.Rxb7 Nc5 29.Ne5+ Kf6
30.Rc7 f4 31.Re1 Nxb3 32.Ng4+ Kf7 33.Nh6+ Kf8 34.Rxe6 Ra1+ 35.Kg2 f3+ 36.Kh3 g4+
37.Kxg4 Ra4+ 38.Kh3  1-0

[Event "HUN-chT"]
[Site "HUN"]
[Date "1991.??.??"]
[Round "?"]
[White "Lakos, Nikoletta"]
[Black "Szalay, Szilvia"]
[Result "1/2-1/2"]
[WhiteElo "2085"]
[BlackElo "2045"]

1.e4 c5 2.Nf3 d6 3.Bb5+ Bd7 4.Bxd7+ Qxd7 5.O-O Nc6 6.Re1 Nf6 7.c3 g6 8.d4 cxd4
9.cxd4 Bg7 10.Nc3 Rd8 11.Bg5 O-O 12.h3 h6 13.Bf4 Kh7 14.Bh2 Rfe8 15.d5 Na5
16.e5 Ng8 17.e6 fxe6 18.Rxe6 Rf8 19.Qd3 Rf6 20.Rae1 b6 21.Nh4 Qe8 22.Nb5 Qf7
23.b4 Nb7 24.Nd4 Rf8 25.Bg3 Nd8 26.Rxf6 Nxf6 27.Ne6 Rg8 28.Nf4 Bf8 29.Ne6 Bg7
30.Nf4 Bf8 31.Rc1 e5 32.dxe6 Nxe6 33.Nxe6 Qxe6 34.Rc7+ Nd7 35.Rxa7 Rg7 36.Kh2 Ne5
37.Rxg7+ Bxg7 38.Qc2 d5 39.Bxe5 Bxe5+ 40.g3 Qf6 41.Kg2 Kg7 42.Qd3 Qe6 43.Qe3 Qd6
44.a3 d4 45.Qd3 Qc6+ 46.Nf3 Bf6 47.Kh2 Qd5 48.Nd2  1/2-1/2

[Event "HUN-ch (Women)"]
[Site "HUN"]
[Date "1991.??.??"]
[Round "?"]
[White "Csoke, Adrienn"]
[Black "Nagy, B."]
[Result "1-0"]
[WhiteElo "2235"]
[BlackElo "2180"]

1.e4 c5 2.Nf3 d6 3.Bb5+ Bd7 4.Bxd7+ Qxd7 5.O-O Nc6 6.c3 Nf6 7.d4 Nxe4 8.Qb3 c4
9.Qxc4 d5 10.Qe2 e6 11.Bf4 Bd6 12.Bxd6 Nxd6 13.Ne5 Nxe5 14.Qxe5 O-O 15.Re1 Rac8
16.Qf4 Qb5 17.b3 Qd7 18.Re3 Nf5 19.Rh3 Qc7 20.Qg4 Rfe8 21.Qd1 b5 22.Qd3 b4
23.g4 Nh6 24.a3 bxc3 25.Nxc3 Qf4 26.f3 Rc6 27.Ne2 Qf6 28.Rg3 Qh4 29.Nf4 Rec8
30.Rf1 Qe7 31.Ne2 Qxa3 32.f4 Rc2 33.f5 exf5 34.gxf5 Qf8 35.f6 g6  1-0